000 00311nam a22001217a 4500
003 OSt
008 160702b xxu||||| |||| 00| 0 eng d
100 _91781
_a Gupta, A
245 _aLighthouse English Translation
260 _aNew Delhi
_bArya
_c2004
300 _aLighthouse English Translation
942 _2ddc
_cBK
999 _c1485
_d1485